北京地铁4号线/大兴线地铁站 - Statistics

General Stats
  • This quiz has been taken 35 times
  • The average score is 25 of 35
Answer Stats
Transfers Stations % Correct
安河桥北
100%
1号线 西单
97%
2号线 13号线 西直门
93%
天宫院
93%
9号线 16号线 国家图书馆
90%
北京大学东门
86%
10号线 海淀黄庄
83%
6号线 19号线 平安里
83%
西四
83%
2号线 宣武门
83%
14号线 北京南站
83%
人民大学
79%
16号线 西苑
76%
中关村
76%
圆明园
72%
动物园
72%
7号线 菜市口
72%
黄村火车站
72%
新街口
69%
灵境胡同
69%
公益西桥
69%
新宫
69%
生物医药基地
69%
魏公村
66%
10号线 角门西
66%
北宫门
62%
西红门
62%
高米店北
62%
高米店南
62%
陶然亭
59%
马家堡
52%
黄村西大街
52%
义和庄
45%
枣园
41%
清源路
41%
No matching quizzes found
Score Distribution
Percent of People with Each Score
Percentile by Number Answered
Your Score History
You have not taken this quiz